Central Library OPAC University of Rajshahi

رجال كتاب حبيب السير = Rijāl-i Kitāb Ḥabīb al-siyar : (Record no. 78513)

MARC details
000 -LEADER
fixed length control field 01542cam a22002774a 4500
001 - CONTROL NUMBER
control field 78513
003 - CONTROL NUMBER IDENTIFIER
rucl marc code BD-RjUL
005 - DATE AND TIME OF LATEST TRANSACTION
control field 20211209083134.0
008 - FIXED-LENGTH DATA ELEMENTS--GENERAL INFORMATION
fixed length control field 200929s2000 ir b 001 0cper
020 ## - INTERNATIONAL STANDARD BOOK NUMBER
International Standard Book Number 9646278531
035 ## - SYSTEM CONTROL NUMBER
System control number (BD-RjUL)78739
040 ## - CATALOGING SOURCE
Original cataloging agency DLC-R
Transcribing agency DLC-R
Modifying agency DLC
Language of cataloging eng
041 ## - LANGUAGE CODE
Language code of text/sound track or separate title per
082 ## - DEWEY DECIMAL CLASSIFICATION NUMBER
Edition number 23
Classification number 955.028
Author mark and year KHR 2000
100 1# - MAIN ENTRY--PERSONAL NAME
Personal name خواند مير، غياث الدين بن همام الدين.;; Khvānd Mīr, Ghiyās̲ al-Dīn ibn Humām al-Dīn,
Dates associated with a name approximately 1475-1535?
9 (RLIN) 248704
245 10 - TITLE STATEMENT
Title رجال كتاب حبيب السير = Rijāl-i Kitāb Ḥabīb al-siyar :
Remainder of title از حملۀ مغول تا مرگ شاه اسمعيل اول ;; az ḥamlah-ʼi Mughūl tā marg-i Shāh Ismaʻīl-i avval /
Statement of responsibility, etc. گردآوردۀ عبد الحسين نوائى ؛ با مقدمه و سه فهرست.;; girdāvurdah-ʼi ʻAbd al-Ḥusayn Navāʼī ; ā muqaddimah va sih fihris; girdāvurdah-ʼi ʻAbd al-Ḥusayn Navāʼī .
260 ## - PUBLICATION, DISTRIBUTION, ETC. (IMPRINT)
Place of publication, distribution, etc. طهران = Ṭihrān :
Name of publisher, distributor, etc. انجمن اثار و مفاخر فرهنگی=Society for the Appreciation of Cultural Works and Dignitaries,
Date of publication, distribution, etc. 2000
300 ## - PHYSICAL DESCRIPTION
Pagination 343 p. ;
Size 22 cm.
490 ## - SERIES STATEMENT
Series statement Silsilah-i Intishārāt-i Anjuman-i Ās̲ār va Mafākhir-i Farhangī, 213.
504 ## - BIBLIOGRAPHY, ETC. NOTE
Bibliography, etc Includes bibliographical references and indexes.
651 #0 - SUBJECT ADDED ENTRY--GEOGRAPHIC NAME
Geographic name Iran
General subdivision History
Chronological subdivision 1256-1500
Form subdivision Early works to 1800.
9 (RLIN) 248705
Geographic name Iran
Form subdivision Biography
-- Early works to 1800.
9 (RLIN) 248706
700 1# - ADDED ENTRY--PERSONAL NAME
Personal name Navāʼī, ʻAbd al-Ḥusayn.
942 ## - ADDED ENTRY ELEMENTS (KOHA)
Source of classification or shelving scheme Dewey Decimal Classification
Koha item type Books
Holdings
Lost status Source of classification or shelving scheme Damaged status Not for loan Collection code Permanent Location Current Location Shelving location Date acquired Source of acquisition Total Checkouts Full call number Date last seen Copy number Koha item type
  Dewey Decimal Classification   Not For Loan Non-fiction Central Library, University of Rajshahi Central Library, University of Rajshahi Reading Room 11/08/2007 Iran Embassy , Dhaka   F 955.028 KHR 2000 29/09/2021 C-1 Books